| 000 | 00953nam a2200313Ia 4500 | ||
|---|---|---|---|
| 003 | OSt | ||
| 005 | 20220912145038.0 | ||
| 006 | a|||||r|||| 00| 0 | ||
| 007 | ta | ||
| 008 | 220909b |||||||| |||| 00| 0 eng d | ||
| 020 | _a9781904868323 (hbd) | ||
| 024 | _a85193 | ||
| 037 | _b2023, 28/08/2009, New India Book Agency | ||
| 037 | _cTextbook | ||
| 040 |
_aCSL _beng _cCSL |
||
| 041 | _aeng | ||
| 082 | _aB6:3, P9 TB | ||
| 100 | _aFomenko A T | ||
| 245 | 0 | _aShort course in differential geometry and topology | |
| 260 |
_aCambridge _bCambridge Scientific Publishers _c2009 |
||
| 300 |
_axi, 273p. _ccm. |
||
| 500 | _aBibliography 267-268p.; Index 269-273p. | ||
| 650 | _a Differential geometry | ||
| 650 | _a Topology | ||
| 650 | _aMathematics | ||
| 700 | _a Mishchenko A S | ||
| 942 |
_hB6:3, P9 TB _cTB _2CC |
||
| 999 |
_c21689 _d21689 |
||